[Event "Norman OU April Op"]
[Site "Norman"]
[Date "2004.04.03"]
[Round "2"]
[White "Sellers, Matthew B"]
[Black "Pepper, Wilson"]
[Result "1-0"]
[WhiteElo "2126"]
[BlackElo "1077"]
[PlyCount "49"]
[EventDate "2004.04.03"]
[EventType "swiss"]
[EventRounds "5"]
[EventCountry "USA"]
[EventCategory "1"]
[SourceTitle "EXT 2006"]
[Source "ChessBase"]
[SourceDate "2005.11.24"]
[SourceVersion "1"]
[SourceVersionDate "2005.11.24"]
[SourceQuality "1"]

1. e4 c5 2. Nc3 e6 3. g3 Nc6 4. Bg2 Nge7 5. f4 d6 6. Nf3 Bd7 7. 0-0 g6 8. d4 cxd4 9. Nxd4 Bg7 10. Ndb5 Bxc3 11. Nxc3 Qc7 12. Be3 a6 13. Qd2 0-0-0 14. Rad1 Be8 15. Qf2 Qb8 16. Bb6 Rd7 17. Rfe1 f5 18. exf5 exf5 19. Rd2 Bf7 20. Red1 d5 21. Nxd5 Bxd5 22. Bxd5 Rhd8 23. Be6 h6 24. Rxd7 Rxd7 25. Bxd7# 1-0

[Event "Norman OU Febr op"]
[Site "Norman"]
[Date "2004.01.31"]
[Round "3"]
[White "Sulman, Robert M"]
[Black "Sellers, Matthew B"]
[Result "1-0"]
[WhiteElo "2212"]
[BlackElo "2119"]
[PlyCount "75"]
[EventDate "2004.01.31"]
[EventType "swiss"]
[EventRounds "5"]
[EventCountry "USA"]
[EventCategory "1"]
[SourceTitle "EXT 2006"]
[Source "ChessBase"]
[SourceDate "2005.11.24"]
[SourceVersion "1"]
[SourceVersionDate "2005.11.24"]
[SourceQuality "1"]

1. e4 c6 2. d4 d5 3. Nc3 dxe4 4. Nxe4 Nf6 5. Nxf6+ gxf6 6. Qd3 Bg4 7. Bd2 e6 8. Qb3 Qc7 9. Bd3 Nd7 10. Ne2 Bxe2 11. Bxe2 h5 12. 0-0-0 0-0-0 13. Kb1 Bh6 14. Bxh6 Rxh6 15. Qe3 Rhh8 16. Qa3 Kb8 17. Qe7 Rdf8 18. c4 Qd8 19. Qa3 Rfg8 20. d5 cxd5 21. cxd5 e5 22. g3 f5 23. Qd6+ Qc7 24. Qe7 Nb6 25. Qf6 Rc8 26. Qxf5 Qd6 27. Qxf7 Na4 28. Qf3 Rc3 29. Qe4 Nxb2 30. Kxb2 Qa3+ 31. Ka1 Rhc8 32. Rb1 Rc2 33. Qxe5+ Ka8 34. Rb2 Rc1+ 35. Rxc1 Rxc1+ 36. Rb1 b6 37. Qb2 Rxb1+ 38. Kxb1 1-0